[Event "IND-ch U19 Girls 46th"]
[Site "Rajahmundry"]
[Date "2016.10.09"]
[Round "2"]
[White "Arpita, Mukherjee"]
[Black "Shah, Rutvi"]
[Result "1/2-1/2"]
[WhiteElo "2040"]
[BlackElo "1715"]
[PlyCount "84"]
[EventDate "2016.10.08"]
[EventType "swiss"]
[EventRounds "11"]
[EventCountry "IND"]
[SourceTitle "CBM 175 Extra"]
[Source "ChessBase"]
[SourceDate "2016.12.12"]
[SourceVersion "1"]
[SourceVersionDate "2016.12.12"]
[SourceQuality "1"]

1. e4 e6 2. d4 d5 3. Nd2 Nf6 4. e5 Nfd7 5. Bd3 c5 6. c3 Nc6 7. Ngf3 g6 8. h4 Qb6 9. dxc5 Qc7 10. 0-0 Ncxe5 11. Nxe5 Nxe5 12. Bb5+ Bd7 13. Bxd7+ Nxd7 14. Nb3 Nxc5 15. Qd4 Rg8 16. c4 Nxb3 17. axb3 Bg7 18. Qd3 dxc4 19. bxc4 Ke7 20. Qa3+ Qd6 21. Qb3 Qc6 22. Qb4+ Ke8 23. Be3 Bf8 24. Qb3 b6 25. Ra6 Bc5 26. Bxc5 Qxc5 27. Qa4+ Kf8 28. Rxa7 Rxa7 29. Qxa7 Kg7 30. Rd1 Qb4 31. Qa1 Qb3 32. Rd7 Rc8 33. Qa7 Rf8 34. Qc7 Qxb2 35. g3 b5 36. c5 b4 37. Qb6 b3 38. Rb7 Rc8 39. Qxe6 Qb1+ 40. Kg2 Qf5 41. Qxf5 gxf5 42. Rxb3 Rxc5 1/2-1/2

[Event "IND-ch U17 Girls"]
[Site "Bengaluru"]
[Date "2015.10.09"]
[Round "9"]
[White "Smaraki, Mohanty"]
[Black "Shah, Rutvi"]
[Result "1-0"]
[WhiteElo "1762"]
[BlackElo "1663"]
[PlyCount "125"]
[EventDate "2015.10.03"]
[EventType "swiss"]
[EventRounds "11"]
[EventCountry "IND"]
[SourceTitle "CBM 168 Extra"]
[Source "ChessBase"]
[SourceDate "2015.10.29"]
[SourceVersion "1"]
[SourceVersionDate "2015.10.29"]
[SourceQuality "1"]

1. c4 c6 2. d4 d5 3. Nc3 Nf6 4. Bg5 Nbd7 5. e3 g6 6. cxd5 Nxd5 7. e4 Nxc3 8. bxc3 Qa5 9. Bd2 Bg7 10. Nf3 0-0 11. Bd3 Qc7 12. 0-0 e5 13. Qb3 exd4 14. cxd4 Qb6 15. Qc4 Qd8 16. Bg5 Qc7 17. Qc2 Nb6 18. h3 Qd6 19. Be3 Be6 20. Rac1 Qa3 21. d5 cxd5 22. Bc5 Qa4 23. Bxf8 Qxc2 24. Rxc2 Kxf8 25. Ng5 Bd7 26. Nxh7+ Kg8 27. Ng5 Ba4 28. Rcc1 Bf6 29. Nf3 Re8 30. e5 Bxe5 31. Rfe1 Bf6 32. Rxe8+ Bxe8 33. Rb1 Bd7 34. g4 Kf8 35. Kf1 Ke7 36. Ke2 Kd6 37. Ne1 Bc6 38. Bb5 Be5 39. Nd3 g5 40. f4 gxf4 41. Bxc6 bxc6 42. Rf1 c5 43. Nxf4 Bxf4 44. Rxf4 Ke6 45. g5 c4 46. h4 Nd7 47. h5 Ne5 48. Rf6+ Ke7 49. Ra6 c3 50. Rxa7+ Ke6 51. h6 Ng6 52. Ra6+ Kf5 53. h7 Nh8 54. Ra8 Ng6 55. h8Q Nxh8 56. Rxh8 Kxg5 57. Kd3 f5 58. a4 f4 59. a5 f3 60. Rf8 Kg4 61. a6 Kg3 62. a7 f2 63. a8Q 1-0